| 000 | 01071cam a2200265 i 4500 | ||
|---|---|---|---|
| 999 |
_c9239 _d9239 |
||
| 001 | 5493209 | ||
| 003 | OCoLC | ||
| 005 | 20210109175607.0 | ||
| 008 | 790921s1979 mnu b 000 0 eng | ||
| 010 | _a79022683 | ||
| 020 | _a0871236087 | ||
| 020 | _a9780871236081 | ||
| 035 | _a(OCoLC)5493209 | ||
| 040 |
_aDLC _beng _cDLC _dWY@ _dP4I _dOCLCO _dMZN |
||
| 050 | 0 | 0 |
_aHQ766.2 _b.G37 |
| 090 |
_aHQ766.2 _b.G37 1979 |
||
| 100 | 1 | _aGarton, Jean Staker | |
| 245 | 1 | 0 |
_aWho broke the baby? / _cJean Staker Garton |
| 260 |
_aMinneapolis : _bBethany Fellowship, _cc1979 |
||
| 300 |
_a108 p. ; _c21 cm |
||
| 504 | _aIncludes bibliographical references | ||
| 505 | 0 | _aSeduction by semantics -- Every woman has a right to control her own body -- Every child a wanted child -- Termination of pregnancy -- Freedom to choose -- A fetus is not a person -- Eliminate the back alley : legalize abortion -- Abortion is a Catholic issue -- What about the difficult cases -- rape? abnormal child? -- The fallout -- The choice | |
| 650 | 0 |
_aAbortion _xReligious aspects |
|
| 942 |
_2ddc _cBK |
||